| 000 | 00668nam a2200241 a 4500 | ||
|---|---|---|---|
| 008 | |||
| 020 | _a0748740848 (pbk.) | ||
| 049 | _aMAIN | ||
| 090 |
_aTA405 _bGER |
||
| 100 | 1 | _aGere, James M. | |
| 245 | 1 | 0 |
_aMechanics of materials / _cJames M. Gere, Stephen P. Timoshenko. |
| 250 | _a3rd ed. | ||
| 260 |
_aCheltenham : _bStanley Thornes, _c1991. |
||
| 300 |
_axxii, 807 p. : _bill. ; _c24 cm. |
||
| 650 | _aMechanics. | ||
| 650 | _aMaterials. | ||
| 700 | 1 | _aTimoshenko, Stephen P. | |
| 907 |
_a.b10028870 _b31-10-12 _c17-04-03 |
||
| 003 | |||
| 005 | 20230123133147.0 | ||
| 040 | _cNUST | ||
| 942 |
_cBOOKS _kTA405 _mGER |
||
| 999 |
_c143777 _d143777 |
||